Manažment rizika podnikateľských subjektov v SR - analýza súčasného stavu a perspektívy

Hodnotenie rizika investičných projektov a analýza z hľadiska dlhodobej stratégie fungovania podniku v rámci globálneho trhu. Špeciálne softwérové produkty, zefektívňovanie a skvalitňovanie procesov riadenia podnikov. Investičné projekty podnikateľských subjektov SR a aplikácie rizikového manažmentu...

Ausführliche Beschreibung

Gespeichert in:
Bibliographische Detailangaben
1. Verfasser: Belanová, Katarína, 1978-
Format: Buchkapitel
Sprache:Slowakisch
Schlagworte:
Tags: Tag hinzufügen
Keine Tags, Fügen Sie das erste Tag hinzu!

MARC

LEADER 00000nla$a2200000$$$4500
001 0103751
005 20240502072129.6
041 0 |a slo 
044 |a SK 
245 1 0 |a Manažment rizika podnikateľských subjektov v SR - analýza súčasného stavu a perspektívy  |c Katarína Belanová 
520 |a Hodnotenie rizika investičných projektov a analýza z hľadiska dlhodobej stratégie fungovania podniku v rámci globálneho trhu. Špeciálne softwérové produkty, zefektívňovanie a skvalitňovanie procesov riadenia podnikov. Investičné projekty podnikateľských subjektov SR a aplikácie rizikového manažmentu. Použitie dokonalejších metód a nových technológií vedie k prosperite podnikov. 
610 2 0 |a projekty investičné 
610 2 0 |a riadenie rizík 
610 2 0 |a technológie nové 
610 2 0 |a efektívnosť ekonomická 
610 2 0 |a risk management 
610 2 0 |a analýzy 
100 1 |a Belanová, Katarína, 1978-